000 00480nam a22001577a 4500
003 OSt
005 20240410110558.0
008 240410b |||||||| |||| 00| 0 eng d
040 _cCentral Library MRSPTU
100 _aBalwinder Barnala (ਬਲਵਿੰਦਰ ਬਰਨਾਲਾ)
245 _aBal Manovigyan (ਬਾਲ ਮਨੋਵਿਗਿਆਨ)
250 _a1st
260 _aChandigarh
_bVoluntary Health Association of Punjab
_c1996
300 _a112
942 _2ddc
_cBK
_n0
999 _c10012
_d10012